000 00794nam a2200241 a 4500
001 000009492
005 20200929161617.0
008 090930s1998 dr 000 p spa d
040 _aDO-SdBNP
_bspa
_cBNPHU
082 _aPR861.44
_bN682e, 1998
100 1 _aNieves Albert, Dalia,
_d1948-
_924302
245 1 0 _aEn el diario asombro de lo humano /
_cDalia Albert Nieves.
250 _a2a ed.
260 _aSanto Domingo :
_bGente,
_c1998.
300 _a85 p. ;
_c21 cm.
490 1 _aEspacios culturales
500 _aIncluye datos biográficos del autor en la contracubierta
590 _aInventariado, 2018/LP
650 4 _aPoesía puertorriqueña
_91015
650 4 _aLiteratura puertorriqueña
_9250
830 0 _aEspacios culturales
_924303
910 _aValidado. Control de calidad MFF
999 _c9252
_d9252